000 00615nam a22001937a 4500
005 20251108173718.0
008 250721s2007 xx 000 0 ara d
082 1 4 _a956.0652/صلا
100 1 _aالصلابي، علي محمد محمد
245 1 0 _aتاريخ دولتي المرابطين و الموحدين في الشمال الإفريقي /
264 1 _aدمشق :
_bدار ابن كثير،
_c2007.
300 _a560ص.
650 1 7 _aالمرابطون
650 1 7 _aالموحدون
650 1 7 _aالاقتصاد
650 1 7 _aشمال افريقيا
942 _2ddc
_cBK
999 _c110563
_d110563